| 000 | 00931nam a22002657a 4500 | ||
|---|---|---|---|
| 005 | 20170123162334.0 | ||
| 010 | _aA-794662 | ||
| 020 |
_c170.00 _a8172019912 |
||
| 035 | _aA-794662 | ||
| 037 | _bCen Lib/Ret | ||
| 040 |
_aDPL _bUR |
||
| 082 |
_aن _bگ ه و |
||
| 100 |
_aگھوش، امیتاو _914097 |
||
| 245 |
_aپرچھییاں / _cامیتاو گھوش ؛ مراتجام قدیر زمان |
||
| 246 |
_aParchhayiyan / _bby Amitav Ghosh ; traslated by Qadeer Zaman |
||
| 260 |
_aنیی دہلی _bساہتیہ اکدمی _c1996 |
||
| 270 |
_bنیی دہلی _aراویںرہ بھوں ٣٥، فیروز شاہ مارگ _e110001 |
||
| 300 |
_a311p. _c21cm(Hb) |
||
| 650 |
_aادب --انگلش _9140821 |
||
| 650 |
_aانگلش ناول _9509 |
||
| 650 |
_aLiterature - English _932150 |
||
| 650 |
_aEnglish novel _914422 |
||
| 700 |
_aقدیر زمان _9140822 |
||
| 942 |
_2ddc _cUR _hن _mگ ه و |
||
| 999 |
_c108013 _d108013 |
||